Osmanlı bahriyesi'nde bir Amerikalı Bucknam paşa (Record no. 13090)

MARC details
000 -BAŞLIK
Sabit Uzunlukta Kontrol Alanı 00884na a2200277 4500
999 ## - SİSTEM KONTROL NUMARALARI (KOHA)
Koha Biblionumber 13090
Koha Biblioitemnumber 13090
001 - KONTROL NUMARASI
Denetim Alanı 23062
003 - KONTROL NUMARASI IDENTIFIER
Denetim Alanı MIRAKIL
005 - SON İŞLEM TARİHİ VE ZAMANI
Denetim Alanı 20190328105006.0
008 - SABİT-BOY VERİ ELEMANLARI - GENEL BİLGİLER
Sabit Uzunlukta Kontrol Alanı 170531b tu 000 0
020 ## - ULUSLARARASI STANDART KİTAP NUMARASI
Uluslararası Standart Kitap Numarası 9786052950050
040 ## - KATALOGLAMA KAYNAK
Orijinal Kataloglama Ajansı Milas
Kataloglama Dili tur
Metne Dönüştürmek Ajansı TR-AnCHP
041 ## - DİL KODU
Metin / Ses Parça Veya Ayrı Başlığın Dil Kodu tur
082 ## - DEWEY ONLU SINIFLANDIRMA NUMARASI
Sınıflandırma Numarası 923.5
Ürün Numarası K85o 2017
090 ## - SINIFLAMA NUMARASI
Sınıflama Numarası 923.5 K85o 2017
100 ## - ANA GİRİŞ - KİŞİSEL İSİM
Kişisel Ad Kuntsal, Ender
245 ## - BAŞLIK TABLOSU
Başlık Osmanlı bahriyesi'nde bir Amerikalı Bucknam paşa
Sorumluluk Tablosu, Vb Ender Kuntsal
260 ## - YAYIN, DAĞITIM, VB
Yayın, Dağıtım, Vb Yeri İstanbul
Yayıncı, Dağıtıcı, Vs Adı Türkiye İş Bankası Kültür Yayınları
Yayın, Dağıtım, Vb Tarihi 2017
Üretici Firma Mega basım yayın
300 ## - FİZİKSEL TANIM
Kapsam ix, 363 s.
Diğer Fiziksel Ayrıntıları fotğ.
Boyutlar 19 sm.
440 ## - SERİSİ TABLOSU / KATMA GİRİŞİ - BAŞLIK
Başlık Türkiye İş Bankası Kültür Yayınları
Hacim / Ardışık Tanımı 3774
504 ## - KAYNAKÇA VB NOT
Kaynakça Vb Notu Kaynakça ve dizin var.
600 ## - KONU KATMA GİRİŞ - KURUMSAL ADI
Kişisel Ad Bucknam, Ransford D.
Genel Alt Bölümü Denizcilik
Kronolojik Alt Bölümü Anılar
650 ## - KONU KATMA GİRİŞ - TOPİKAL DÖNEM
Topikal Süreli Veya Coğrafi Ad Giriş Elemanı Osmanlı İmparatorluğu
Genel Alt Bölümü Denizcilik
Kronolojik Alt Bölümü 20. yy.
Coğrafi Alt Bölümü Anılar
942 ## - EKLENDİ GİRİŞ ELEMANLARI (KOHA)
Koha Öğesi Türü Books
Sınıflandırma Veya Raf Düzeni Kaynak Dewey Decimal Classification
999 ## - SİSTEM KONTROL NUMARALARI (KOHA)
Koha Biblioitemnumber 13090
999 ## - SİSTEM KONTROL NUMARALARI (KOHA)
Koha Biblioitemnumber 1701
Holdings
Kalıcı Konum Mevcut Konum Edinme Tarihi Toplam Check-Out'Lar Tam Çağrı Numarası Barkod Tarih Son Görülme İtibaren Geçerli Fiyatlar Koha Öğesi Türü
Parti Okulu Kütüphanesi Parti Okulu Kütüphanesi 03/28/2019   923.5 K85o 2017 P00459 03/28/2019 03/28/2019 Books